Landoj Quiz Stats

 Plays Quiz not verified by Sporcle

Score 0/192 Timer 15:00
0 Plays Today
% Correct
Usono
66.7%
Auxstralio
55.6%
Francio
55.6%
Kanado
55.6%
Islando
55.6%
Irlando
55.6%
Italio
55.6%
Germanio
55.6%
Rusio
55.6%
Argentino
50%
Brazilo
50%
Grekio
50%
Meksiko
50%
Nederlando
50%
Norvegio
50%
Peruo
50%
Turkio
50%
Israelo
50%
Bulgario
50%
Hispanio
50%
Sudano
50%
Malto
50%
Belgio
44.4%
Britio
44.4%
Serbio
44.4%
Cxilio
44.4%
Irako
44.4%
Irano
44.4%
Sirio
44.4%
Venezuelo
44.4%
Svedio
44.4%
Pakistano
44.4%
Albanio
44.4%
Libio
44.4%
Rumanio
44.4%
Cxado
44.4%
Malio
44.4%
Nigxerio
44.4%
Nigxero
44.4%
Somalio
44.4%
Mongolio
44.4%
Tanzanio
44.4%
Kenjo
44.4%
Gambio
44.4%
Gujano
44.4%
Omano
44.4%
Surinamo
44.4%
Latvio
44.4%
Slovenio
44.4%
Andoro
44.4%
Slovakio
44.4%
Barato
38.9%
Cxinio
38.9%
Danio
38.9%
Honduro
38.9%
Kolombio
38.9%
Kostariko
38.9%
Liberio
38.9%
Luksemburgo
38.9%
Nov-Zelando
38.9%
Panamo
38.9%
Pollando
38.9%
Sud-Afriko
38.9%
Ukrainio
38.9%
% Correct
Jemeno
38.9%
Finnlando
38.9%
Nepalo
38.9%
Benino
38.9%
Senegalo
38.9%
Togo
38.9%
Burundo
38.9%
Ruando
38.9%
Ugando
38.9%
Lesoto
38.9%
Butano
38.9%
Kataro
38.9%
Bangladesxo
38.9%
Belizo
38.9%
Estonio
38.9%
Armenio
38.9%
Kroatio
38.9%
San-Marino
38.9%
Cxehxio
38.9%
Eritreo
38.9%
Svislando
38.9%
Montenegro
38.9%
Belarusio
33.3%
Bolivio
33.3%
Ekvadoro
33.3%
Etiopio
33.3%
Kubo
33.3%
Salvadoro
33.3%
Auxstrio
33.3%
Hungario
33.3%
Sri-Lanko
33.3%
Laoso
33.3%
Portugalio
33.3%
Japanio
33.3%
Kipro
33.3%
Madagaskaro
33.3%
Algxerio
33.3%
Kuvajto
33.3%
Malavio
33.3%
Maldivoj
33.3%
Svazilando
33.3%
Angolo
33.3%
Gxibutio
33.3%
Namibio
33.3%
Kirgizio
33.3%
Moldavio
33.3%
Tagxikio
33.3%
Uzbekio
33.3%
Egiptio
27.8%
Filipinoj
27.8%
Gvatemalo
27.8%
Haitio
27.8%
Libano
27.8%
Nikaragvo
27.8%
Paragvajo
27.8%
Urugvajo
27.8%
Afganio
27.8%
Tajlando
27.8%
Indonezio
27.8%
Maroko
27.8%
Tunizio
27.8%
Ebur-Bordo
27.8%
Gabono
27.8%
Kameruno
27.8%
% Correct
Siera-Leono
27.8%
Zambio
27.8%
Barbado
27.8%
Bocvano
27.8%
Bahamoj
27.8%
Grenado
27.8%
Mozambiko
27.8%
Dominiko
27.8%
Zimbabvo
27.8%
Vanuatuo
27.8%
Lihxtensxtejno
27.8%
Nord-Koreio
27.8%
Sud-Koreio
27.8%
Azerbajgxano
27.8%
Kazahxio
27.8%
Turkmenio
27.8%
Makedonio
27.8%
Monako
27.8%
Kiribato
27.8%
Tongo
27.8%
Domingo
22.2%
Birmo
22.2%
Jordanio
22.2%
Kambogxo
22.2%
Ganao
22.2%
Malajzio
22.2%
Gvineo
22.2%
Burkino
22.2%
Centr-Afrika Respubliko
22.2%
Kongo Brazavila
22.2%
Kongo Kinsxasa
22.2%
Mauxritanio
22.2%
Ekvatora Gvineo
22.2%
Mauxricio
22.2%
Unuigxintaj Arabaj Emirlandoj
22.2%
Gvineo Bisauxa
22.2%
Kabo-Verdo
22.2%
Komoroj
22.2%
Sao-Tomeo kaj Principeo
22.2%
Samoo
22.2%
Sejsxeloj
22.2%
Vjetnamio
22.2%
Brunejo
22.2%
Litovio
22.2%
Marsxaloj
22.2%
Mikronezio
22.2%
Bosnio-Hercegovino
22.2%
Kartvelio
22.2%
Tuvalo
22.2%
Sauxda Arabio
16.7%
Jamajko
16.7%
Trinidado kaj Tobago
16.7%
Singapuro
16.7%
Figxioj
16.7%
Barejno
16.7%
Papuo-Nov-Gvineo
16.7%
Salomonoj
16.7%
Sent-Lucio
16.7%
Sent-Vincento kaj la Grenadinoj
16.7%
Antigvo-Barbudo
16.7%
Sent-Kristofo kaj Neviso
16.7%
Palauxo
16.7%
Nauro
16.7%
Orienta Timoro
16.7%

You're not logged in!

Compare scores with friends on all Sporcle quizzes.
OR
Log In

Sporcle TV

Today on Sporcle TV


Watch our educational content, quiz creation guides, and fun videos on Sporcle TV.

Show Comments

Extras

Created Oct 25, 2010SourceReportNominate
Tags:esperanto

Top Quizzes Today


Score Distribution

Your Account Isn't Verified!

In order to create a playlist on Sporcle, you need to verify the email address you used during registration. Go to your Sporcle Settings to finish the process.

Report this User

Report this user for behavior that violates our Community Guidelines.

Details: